000 00307nam a2200109Ia 4500
008 191206s9999 xx 000 0 und d
090 _aPR8771M62
245 0 _anew poets: American and British poetry since World War II
260 _aOxford University Press
260 _cc1967
300 _a"xiv, 350 p. 21 cm."
999 _c16554
_d16554